Διδακτική βασικών μαθηματικών εννοιών : αριθμοί και αριθμητικές πράξεις
Αποθηκεύτηκε σε:
| Κύριος συγγραφέας: | |
|---|---|
| Μορφή: | Βιβλίο |
| Γλώσσα: | Greek |
| Δημοσίευση: |
Αθήνα :
Μεταίχμιο,
2000.
|
| Θέματα: | |
| Ετικέτες: |
Προσθήκη ετικέτας
Δεν υπάρχουν, Καταχωρήστε ετικέτα πρώτοι!
|
MARC
| LEADER | 00000cam a2200000 i 4500 | ||
|---|---|---|---|
| 001 | 1/37973 | ||
| 008 | 030703s2000 gr | ||| |||| ||gre|| | ||
| 020 | |a 9603751278 | ||
| 020 | |a 9789603751274 | ||
| 035 | |l 10070356 | ||
| 040 | |a GR-MY-UA |b gre |e aacr | ||
| 041 | 0 | |a gre | |
| 082 | 7 | |a 510.71 |2 (22) | |
| 100 | 1 | |a Χασάπης, Δημήτρης. | |
| 245 | 1 | 0 | |a Διδακτική βασικών μαθηματικών εννοιών : |b αριθμοί και αριθμητικές πράξεις / |c Δημήτρης Χασάπης. |
| 260 | |a Αθήνα : |b Μεταίχμιο, |c 2000. | ||
| 300 | |a 235 σ. ; |c 24 εκ. | ||
| 650 | 0 | 0 | |a Mathematics |x Study and teaching. |
| 650 | 0 | 0 | |a Mathematics |x Study and teaching |z Greece. |
| 852 | |a INST |b RHODES |e 20030703 |h 510.71 ΧΑΣ |p 005400020378 |q 005400020378 |t BK |y 0 | ||
| 852 | |a INST |b RHODES |e 20030704 |h 510.71 ΧΑΣ |p 005400020476 |q 005400020476 |t BK |y 0 | ||
| 852 | |a INST |b RHODES |c EUDOXUS |e 20120316 |h 510.71 ΧΑΣ |p 005400034175 |q 005400034175 |t EDX |y 0 | ||
| 901 | |a BIBL4-2003-2 | ||
| 901 | |a BIBL4-2012-1 | ||
| 909 | |a Ρ |b 101935 | ||
| 909 | |a Ρ |b 101824 | ||
| 909 | |a Ρ |b 170813 | ||
| 920 | |a ΕΥΔΟΞΟΣ |b ΕΠΙΣΤΡΟΦΗ |y Ρόδος |z 2012-03 | ||
| 970 | |a ΚΟΥΛΑΚΙΟΤΗ |b ΛΙΤΣΑ |z 2003/07/03 | ||